Diccionario esencial de física (Registro nro. 1402)
[ vista simple ]
| 000 -CABECERA | |
|---|---|
| campo de control de longitud fija | 00488aam a2200205 4500 |
| 005 - FECHA Y HORA DE ACTUALIZACIÓN | |
| campo de control | 20230420171630.0 |
| 008 - LONGITUD FIJA | |
| campo de control de longitud fija | 150618b2006 xxu||||| |||| 00| 0 spa d |
| 020 ## - INTERNATIONAL STANDARD BOOK NUMBER | |
| Número Internacional Estándar del Libro | 8483326604 |
| 041 ## - IDIOMA | |
| Código de idioma del texto/pista de sonido o título separado | Español |
| 082 ## - CLASIFICACIÓN DECIMAL DEWEY | |
| Número de clasificación | R 530 D545d |
| 245 ## - TÍTULO PROPIAMENTE DICHO | |
| Título | Diccionario esencial de física |
| 260 ## - PIE DE IMPRENTA | |
| Lugar de publicación, distribución, etc. | México |
| 260 ## - PIE DE IMPRENTA | |
| Nombre del editor, distribuidor, etc. | Larousse Editorial |
| 260 ## - PIE DE IMPRENTA | |
| Fecha de publicación, distribución, etc. | 2006 |
| 300 ## - DESCRIPCIÓN FÍSICA | |
| Extensión | 344 páginas |
| 650 ## - Materia General | |
| Materia general | DICCIONARIOS |
| 650 ## - Materia General | |
| Materia general | FÍSICA |
| 650 ## - Materia General | |
| Materia general | CIENCIAS |
| 942 ## - Punto de Acceso Adicional Koha | |
| Tipo de ítem Koha | Referencia |
| Estado perdido | Estado dañado | No para préstamo | Biblioteca permanente | Biblioteca actual | Signatura completa | Código de barras | Tipo de ítem |
|---|---|---|---|---|---|---|---|
| Departamento de Biblioteca y Documentación Alfonso Chase Brenes | Departamento de Biblioteca y Documentación Alfonso Chase Brenes | R 530 D545d | 712 | Referencia |